Constitution of India and professional ethics : for I/II and VII/VIII sem. of all branches as per VTU syllabus (Record no. 178374)

MARC details
000 -LEADER
fixed length control field 00590nam a2200169Ia 4500
008 - FIXED-LENGTH DATA ELEMENTS--GENERAL INFORMATION
fixed length control field 231217s9999 xx 000 0 und d
041 ## - LANGUAGE CODE
Language code of text/sound track or separate title English
082 ## - DEWEY DECIMAL CLASSIFICATION NUMBER
Classification number 323.054 PHA1;1 R
100 ## - MAIN ENTRY--PERSONAL NAME
Personal name Phaneesh, K R Rao, Tejaswi R ed Vinod Kumar, S ed
245 #0 - TITLE STATEMENT
Title Constitution of India and professional ethics : for I/II and VII/VIII sem. of all branches as per VTU syllabus
250 ## - EDITION STATEMENT
Edition statement 2nd ed.
260 ## - PUBLICATION, DISTRIBUTION, ETC.
Date of publication, distribution, etc. 2006
Name of publisher, distributor, etc. Sudha Publ.
Place of publication, distribution, etc. Bangalore
300 ## - PHYSICAL DESCRIPTION
Extent 211
400 ## - SERIES STATEMENT/ADDED ENTRY--PERSONAL NAME [OBSOLETE, CAN/MARC], [LOCAL, USA]
Personal name Sudhas student friendly text book series
650 ## - SUBJECT ADDED ENTRY--TOPICAL TERM
Topical term or geographic name entry element Constitution,India,ethics,:,I/II,VII/VIII,sem.
942 ## - ADDED ENTRY ELEMENTS (KOHA)
Koha item type Books
Holdings
Date last seen Total checkouts Full call number Accession number Cost, total (INR) price Price effective from Category Lost status Damaged status Department Withdrawn status Home library Current library Shelving location Entry date Vendor Cost, normal purchase price Grants Billnumber Billdate Currency symbol Conversion rate Discount Old discount
26/01/2024   323.054 PHA1;1 R 43524 112.00 26/01/2024 Books     Central Library   Central Library Central Library Central Library 04/11/2006 Book Paradise 140.00 GEN 35039 18/09/2008 RS 1 28 20
26/01/2024   323.054 PHA1;3 43526 112.00 26/01/2024 Books     Central Library   Central Library Central Library Central Library 04/11/2006 Book Paradise 140.00 GEN 35039 18/09/2008 RS 1 28 20
26/01/2024   323.054 PHA1;4 44825   26/01/2024 Books     Central Library   Central Library Central Library Central Library 15/05/2007 Publisher   DONATED   11/09/2008 RS 1   20

© For any Suggestions or Query, please contact the library staff @ librarian@pes.edu or Phone: +9180 2672 1983/ 2108.